[Event "Asian Zone 3.3"]
[Site "Tagaytay City PHI"]
[Date "2013.01.24"]
[Round "3.13"]
[White "Bersamina,Paulo"]
[Black "Pascua,H"]
[Result "0-1"]
[WhiteElo "2206"]
[BlackElo "2386"]

1.e4 g6 2.Nc3 Bg7 3.d4 c6 4.Nf3 d6 5.a4 Nf6 6.h3 O-O 7.Be3 Qa5 8.Nd2 Qc7
9.Nc4 d5 10.exd5 Nxd5 11.Nxd5 cxd5 12.Nd2 Nc6 13.c3 Bf5 14.g4 Bd7 15.Bg2 f5
16.Nf3 Qd6 17.Nh2 f4 18.Bc1 e5 19.dxe5 Qxe5+ 20.Kf1 Be6 21.Nf3 Qd6 22.Kg1 Rad8
23.Nd4 Nxd4 24.cxd4 Qb4 25.Ra3 Bxd4 26.Rd3 Bg7 27.Bxd5 Bxd5 28.Rxd5 Rde8
29.Kh2 f3 30.Be3 Qxb2 31.Rb5 Qa2 32.Qb3+ Qxb3 33.Rxb3 Be5+ 34.Kg1 Rd8 35.Rb1 Rd5
36.Bg5 Rc8 37.h4 Rc4 38.Rh3 Rxg4+ 39.Kh1 Rxa4 40.Rxf3 Ra1 41.Rxa1 Bxa1 42.Kg2 a6
43.Re3 Rd7 44.Re8+ Kf7 45.Re3 Bd4 46.Ra3 Ke6 47.f4 Kd5 48.Kf3 Rd6 49.h5 b5
50.h6 Kc4 51.Ra2 b4 52.Be7 Re6 53.Bf8 b3 54.Ra4+ Kd3 55.Bg7 Bc3 56.Ra3 Kc2
57.Kg4 Rc6 58.Bxc3 Rxc3 59.Rxa6 b2 60.Ra2 Kc1  0-1

[Event "TCh-CZE Div1 Zapad 2012-13"]
[Site "Czech Republic CZE"]
[Date "2013.01.27"]
[Round "6.7"]
[White "Jinova,L"]
[Black "Nun,Jos"]
[Result "1-0"]
[WhiteElo "2096"]
[BlackElo "2236"]

1.e4 c6 2.d4 g6 3.Nc3 Bg7 4.Bc4 e6 5.e5 d5 6.exd6 Qxd6 7.Ne4 Qc7 8.Qf3 Bxd4
9.Bf4 Be5 10.Bxe5 Qxe5 11.O-O-O Ke7 12.Qa3+ c5 13.Nxc5 Kf6 14.Nh3 Kg7 15.Rhe1 Qf6
16.Ne4 Qe7 17.Qc3+ Nf6 18.g4 e5 19.Nxf6 Qxf6 20.g5  1-0

[Event "ch-TUR 2013"]
[Site "Antalya TUR"]
[Date "2013.02.06"]
[Round "7.33"]
[White "Eden,Y"]
[Black "Kirali,M"]
[Result "1-0"]
[WhiteElo "1839"]
[BlackElo "2005"]

1.e4 c6 2.d4 g6 3.Nc3 Bg7 4.Nf3 d5 5.exd5 cxd5 6.Bf4 a6 7.Qd2 Nc6 8.Be2 Bf5
9.O-O Nf6 10.Ne5 O-O 11.Nxc6 bxc6 12.Bf3 Ne4 13.Bxe4 dxe4 14.Rad1 Qb6 15.Na4 Qb5
16.b3 Rfd8 17.c4 Qb7 18.Qe3 Bg4 19.Rd2 f5 20.Nc5 Qc8 21.Re1 Bf6 22.Na4 Qb7
23.f3 exf3 24.gxf3 Bh5 25.Qe6+ Kh8 26.Be5 Rf8 27.Nc5 Qb4 28.Rde2 Bxf3 29.Re3 Qd2
30.R1e2 Bxe2 31.Rxe2 Qg5+ 32.Kf1 Bxe5 33.Qxe5+ Qf6 34.Qf4 g5 35.Qd2 Rfd8
36.Ne6 Rg8 37.Nc7 Rad8 38.d5 e5 39.Qc3 cxd5 40.Nxd5 Qg7 41.Rxe5 f4 42.Qe1 Qg6
43.Re7 Qd3+ 44.Kg1 Qd4+ 45.Kf1 g4 46.Re4 Qd3+ 47.Kg1 f3 48.Qa1+ Rg7 49.Rxg4 f2+
50.Kxf2 Qf5+ 51.Rf4 Qc2+ 52.Kf3 Qg2+ 53.Ke3 Qxh2 54.Qf6 Re8+ 55.Kd4 Qb2+
56.Kc5 Qxf6 57.Rxf6 Rg6 58.Rf5 Rc8+ 59.Kd4 Rg4+ 60.Ke5 Re8+ 61.Kd6 Rg6+ 62.Kc5 Kg7
63.Rh5 h6 64.Rh4 Rg5 65.Kb4 h5 66.Ka5 Re6 67.b4 Kh6 68.Rh1 Rg4 69.c5 h4 70.a4 Kg5
71.Nc7 Re3 72.Nxa6 h3 73.c6 Kh4 74.c7 Rc3 75.Nc5 Rg8 76.Rd1 Rc8 77.Kb6 Rg3
78.Rd4+ Kh5 79.Rd5+ Kh4 80.Rd4+ Rg4 81.Rd8 Rg8 82.Rd4+ Kg3 83.Ne4+ Kf3 84.Nd6 h2
85.Rh4 Rh8 86.Rxh2 Rxh2 87.Nxc8  1-0

[Event "35th Georgi Tringov Open"]
[Site "Plovdiv BUL"]
[Date "2013.02.06"]
[Round "5.8"]
[White "Milenkovic,Ml"]
[Black "Grigorov,G"]
[Result "1/2-1/2"]
[WhiteElo "2393"]
[BlackElo "2513"]

1.e4 g6 2.d4 Bg7 3.Nc3 c6 4.f4 d5 5.e5 Nh6 6.Nf3 f6 7.Bd3 Bg4 8.Be3 O-O 9.Qd2 Bxf3
10.gxf3 e6 11.Ne2 c5 12.dxc5 Nc6 13.exf6 Qxf6 14.c3 Nf5 15.Bxf5 Qxf5 16.O-O-O Qh3  1/2-1/2

[Event "Chess Classic ELO Open 2013"]
[Site "Baden-Baden GER"]
[Date "2013.02.07"]
[Round "1.3"]
[White "Agrest,I"]
[Black "Iordachescu,V"]
[Result "0-1"]
[WhiteElo "2174"]
[BlackElo "2610"]

1.e4 g6 2.d4 Bg7 3.Nc3 c6 4.Nf3 d6 5.Bf4 Bg4 6.Qd2 b5 7.a4 b4 8.Nd1 Nf6 9.Bd3 a5
10.c3 bxc3 11.bxc3 O-O 12.Qe3 Nbd7 13.O-O Nh5 14.Bg5 c5 15.Nd2 cxd4 16.cxd4 Nc5
17.h3 Bd7 18.Be2 Ne6 19.e5 Nxg5 20.Qxg5 f6 21.Qh4 fxe5 22.Bxh5 gxh5 23.dxe5 Bxe5
24.Ra3 Qe8 25.Nc4 Bf6 26.Qg3+ Kh8 27.Nb6 Rg8 28.Qd3 Bc6 29.Ne3 Rb8 30.Nbd5 Bb2
31.Ra2 Bg7 32.Re1 e6 33.Nc7 Qd7 34.Nb5 Be5 35.f3 Bxb5 36.axb5 Rxb5 37.Nc4 Bg3
38.Rea1 d5 39.Nd2 Qc6 40.Nf1 Qb6+ 41.Kh1 Bf4 42.Ra4 Rb2 43.Rxf4 Qg1+  0-1

[Event "Chess Classic ELO Open 2013"]
[Site "Baden-Baden GER"]
[Date "2013.02.08"]
[Round "2.6"]
[White "Krulich,R"]
[Black "Chatalbashev,B"]
[Result "0-1"]
[WhiteElo "2215"]
[BlackElo "2552"]

1.e4 g6 2.d4 Bg7 3.Nc3 c6 4.Nf3 d6 5.h3 b5 6.Be3 Nd7 7.Qd2 Qc7 8.Bd3 Bb7
9.O-O Ngf6 10.Bh6 O-O 11.Bxg7 Kxg7 12.Rfe1 e5 13.Ne2 c5 14.dxe5 dxe5 15.Ng3 c4
16.Bf1 h6 17.Qc3 Rfe8 18.a4 a6 19.axb5 axb5 20.Rxa8 Bxa8 21.b3 Nc5 22.Nd2 h5
23.h4 Qb6 24.bxc4 Ng4 25.Qf3 Ne6 26.c3 Rd8 27.Nb3 bxc4 28.Bxc4 Nf4 29.Nf1 f5
30.Nfd2 fxe4 31.Qg3 e3 32.fxe3 Nxg2  0-1

[Event "TCh-CAT Div Hon 2013"]
[Site "Catalonia ESP"]
[Date "2013.02.09"]
[Round "4.1"]
[White "Spraggett,K"]
[Black "De la Riva Aguado,O"]
[Result "1/2-1/2"]
[WhiteElo "2577"]
[BlackElo "2522"]

1.e4 g6 2.d4 Bg7 3.Nc3 c6 4.h3 d5 5.Nf3 Nh6 6.Bd3 O-O 7.O-O f6 8.Ne2 dxe4
9.Bxe4 Nf7 10.c3 e5 11.Bc2 Nd7 12.Bb3 Qe7 13.Re1 Rd8 14.Bd2 Kh8 15.Ng3 Nf8
16.Qe2 Be6 17.dxe5 fxe5 18.Ne4 Bd5 19.Neg5 Re8 20.Nxf7+ Qxf7 21.Ng5 Qf5 22.Ne4 Rad8
23.Bc2 Ne6 24.Rad1 Nf4 25.Qe3 b6 26.b3 Qf8 27.h4 Be6 28.g3 Bg4 29.Rc1 Nd5
30.Qh6  1/2-1/2

[Event "ch-CUB Men Final 2013"]
[Site "Santa Clara CUB"]
[Date "2013.02.10"]
[Round "4.2"]
[White "Ortiz Suarez,I"]
[Black "Almeida Quintana,O"]
[Result "1/2-1/2"]
[WhiteElo "2585"]
[BlackElo "2506"]

1.e4 g6 2.d4 Bg7 3.Nc3 c6 4.Nf3 d6 5.h3 Nf6 6.a4 a5 7.Bd3 Na6 8.O-O Nb4 9.Bc4 d5
10.exd5 cxd5 11.Bb3 O-O 12.Ne2 Ne4 13.c3 Nc6 14.Nf4 e6 15.Nd3 b6 16.Nfe5 Ne7
17.Re1 Bb7 18.Ng4 Nf5 19.Bf4 Rc8 20.Be5 Ba6 21.Bc2 Re8 22.Bxg7 Kxg7 23.Nde5 f6
24.Nf3 Bb7 25.Nd2 Ned6 26.Bd3 Qd7 27.f4 Ng3  1/2-1/2

[Event "Novy Bor Open A 2013"]
[Site "Novy Bor CZE"]
[Date "2013.02.14"]
[Round "7"]
[White "Bores,R"]
[Black "Voith,W"]
[Result "1-0"]
[WhiteElo "2163"]
[BlackElo "1692"]

1.e4 g6 2.d4 Bg7 3.Nc3 c6 4.f4 d5 5.e5 h5 6.Nf3 Bg4 7.h3 Bxf3 8.Qxf3 e6 9.Be3 Nh6
10.Bd3 h4 11.O-O Nf5 12.Bf2 Nd7 13.a4 a5 14.Ne2 Bf8 15.b3 Be7 16.c4 Bb4 17.Rfd1 Nb6
18.c5 Nc8 19.Rdc1 Kd7 20.Rc2 Qf8 21.Nc1 Nce7 22.Bf1 Qh6 23.Nd3 g5 24.fxg5 Qxg5  1-0

[Event "Aeroflot Open Rapid KO"]
[Site "Moscow RUS"]
[Date "2013.02.15"]
[Round "1.2"]
[White "Shomoev,A"]
[Black "Kokarev,Dm"]
[Result "0-1"]
[WhiteElo "2557"]
[BlackElo "2635"]

1.e4 g6 2.d4 Bg7 3.Nc3 c6 4.f4 d5 5.e5 Nh6 6.Be3 f6 7.h3 O-O 8.Nf3 Qb6 9.Na4 Qa5+
10.c3 Nf5 11.Bf2 fxe5 12.dxe5 Nd7 13.b4 Qc7 14.Bd3 a5 15.a3 axb4 16.axb4 Nh6
17.g3 b5 18.Nb2 Rxa1 19.Qxa1 Nxe5 20.Nxe5 Bxe5 21.fxe5 Qxe5+ 22.Be2 Qxc3+
23.Kf1 Qxg3 24.Nd1 Bxh3+ 25.Ke1 Qg2 26.Rg1 Qe4 27.Qd4 Rf4 28.Qxe4 Rxe4 29.Bc5 Bg4
30.Nc3 Re6 31.Kd2 Bxe2 32.Nxe2 Nf5 33.Nf4 Re4 34.Nh3 Nd4 35.Rf1 h6 36.Kd3 Nf5
37.Nf4 Kg7 38.Ne2 Rxe2 39.Kxe2 Ng3+ 40.Kf2 Nxf1 41.Kxf1 e5 42.Kf2 Kf6 43.Kf3 Kf5
44.Bf8 h5 45.Be7 g5 46.Bd8 h4 47.Ke3 d4+ 48.Kf2 Kf4 49.Be7 h3 50.Bd8 h2 51.Kg2 d3  0-1

[Event "Aeroflot Open Rapid KO"]
[Site "Moscow RUS"]
[Date "2013.02.15"]
[Round "2.1"]
[White "Frolyanov,D"]
[Black "Kokarev,Dm"]
[Result "1-0"]
[WhiteElo "2563"]
[BlackElo "2635"]

1.e4 g6 2.d4 Bg7 3.Nc3 c6 4.f4 d5 5.e5 Nh6 6.Nf3 f6 7.Be2 Bg4 8.O-O O-O 9.Be3 e6
10.Qd2 Nf5 11.Nd1 Nd7 12.Nf2 Bxf3 13.Bxf3 fxe5 14.fxe5 Nxe3 15.Qxe3 c5 16.c3 Qb6
17.Qd2 Rac8 18.Rad1 cxd4 19.cxd4 Rc4 20.b3 Rc6 21.Kh1 a5 22.Ng4 h5 23.Ne3 Qb5
24.g4 hxg4 25.Nxg4 Rf5 26.Qg2 Rc3 27.Nh6+ Bxh6 28.Qxg6+ Kf8 29.Qxh6+ Ke7
30.Qh4+ Kf8 31.Qd8+  1-0

[Event "ch-ROU 2013"]
[Site "Baile Olanesti ROU"]
[Date "2013.02.17"]
[Round "2.14"]
[White "Vasile,Cl"]
[Black "Balla,Ta"]
[Result "0-1"]
[WhiteElo "2145"]
[BlackElo "2366"]

1.e4 g6 2.d4 Bg7 3.Nc3 c6 4.f4 d5 5.e5 Nh6 6.Nf3 Bg4 7.Be3 O-O 8.Qd2 Bxf3
9.gxf3 Nf5 10.Bf2 e6 11.h4 h5 12.Bd3 Kh7 13.Ne2 Qe7 14.O-O-O Nd7 15.Rdg1 Bh6
16.Bxf5 exf5 17.Kb1 Rfd8 18.Qd3 Nf8 19.Be3 b6 20.Rh2 Rac8 21.Rhg2 c5 22.c3 Ne6
23.Ng3 Ng7 24.Nh1 c4 25.Qc2 b5 26.Nf2 Qxh4 27.Rh1 Qe7 28.Nh3 Ne6 29.Bf2 Rg8
30.Ng5+ Bxg5 31.fxg5 a5 32.Rxh5+ gxh5 33.Qxf5+ Rg6 34.Rh2 Kg7 35.f4 Nxf4
36.Qxc8 Qxg5 37.a3 Nd3 38.Bh4 Qg1+ 39.Ka2 Nc1+  0-1

[Event "e2e4 Brighton Masters 2013"]
[Site "Brighton ENG"]
[Date "2013.02.18"]
[Round "4"]
[White "Lenier,J"]
[Black "Cherniaev,A1"]
[Result "0-1"]
[WhiteElo "2112"]
[BlackElo "2441"]

1.e4 g6 2.d4 Bg7 3.Nc3 c6 4.Be3 d5 5.e5 Qb6 6.Na4 Qa5+ 7.c3 Nh6 8.Be2 f6
9.f4 Nf5 10.Bd2 Qc7 11.Nc5 b6 12.Nd3 Ba6 13.Nf3 e6 14.g4 Ne7 15.exf6 Bxf6
16.O-O O-O 17.Ng5 Bxd3 18.Bxd3 Bxg5 19.fxg5 Nd7 20.Qe2 e5 21.dxe5 Qxe5 22.Rfe1 Qxe2
23.Rxe2 Nc8 24.b4 a5 25.Re6 axb4 26.cxb4 Ra3 27.Be2 Na7 28.b5 Nc5 29.Re5 Nxb5
30.Bxb5 cxb5 31.Rxd5 Ra4 32.h3 Rf3 33.Kg2 Raa3 34.Re1 Rg3+ 35.Kh2 Rxh3+ 36.Kg2 Rhg3+
37.Kh2 Rh3+ 38.Kg2 Rag3+ 39.Kf2 Nd3+  0-1

[Event "ch-Central Serbia 2013"]
[Site "Pozarevac SRB"]
[Date "2013.02.20"]
[Round "4.8"]
[White "Radovanovic,D"]
[Black "Tasic,Z"]
[Result "1-0"]
[WhiteElo "2387"]
[BlackElo "2173"]

1.d4 g6 2.e4 c6 3.Nc3 Bg7 4.h3 d5 5.Nf3 Nh6 6.e5 f6 7.Bf4 O-O 8.Qd2 Nf7 9.O-O-O b5
10.Re1 Na6 11.Kb1 Nc7 12.Bd3 Ne6 13.exf6 exf6 14.Bg3 Bh6 15.Qd1 Nf4 16.Ne2 Nxd3
17.cxd3 Bf5 18.Bh2 Qb6 19.g4 Bd7 20.Nc1 Rfe8 21.Nb3 Rad8 22.Nc5 Bc8 23.Re2 Bf8
24.Rhe1 Rxe2 25.Qxe2 Bxc5 26.dxc5 Qxc5 27.Bc7 Rd7 28.Rc1 Qe7 29.Qxe7 Rxe7
30.Rxc6 Bb7 31.Rc5 b4 32.Ba5 d4 33.Nxd4 Ba6 34.Bxb4 Bxd3+ 35.Kc1 Re8 36.Rc7 a6
37.Be7 Bf1 38.h4 Bh3 39.f3 Kg7 40.Ne6+ Kh8 41.Nf4 Bf1 42.Nd5 Kg7 43.Bxf6+ Kg8
44.Be7 Kg7 45.Kd2 h6 46.b4 Bb5 47.g5 hxg5 48.hxg5 Ne5 49.Bf6+ Kg8 50.Ne7+ Kf7
51.Nc6+ Nd7 52.Rxd7+ Kf8 53.Rc7 Re2+ 54.Kd1 Rxa2 55.Nd4 Ra1+ 56.Kd2 Ra2+
57.Ke3 Ke8 58.Kf4 Bd7 59.Ke5 Bh3 60.Re7+ Kf8  1-0

[Event "33rd TCh-IND 2013"]
[Site "Hyderabad IND"]
[Date "2013.02.25"]
[Round "7.4"]
[White "Vishnu,P"]
[Black "Anilkumar,O"]
[Result "1-0"]
[WhiteElo "2483"]
[BlackElo "2155"]

1.e4 c6 2.d4 g6 3.Nc3 Bg7 4.f4 d5 5.e5 b6 6.Nf3 Na6 7.h3 h5 8.e6 Nh6 9.exf7+ Nxf7
10.Bd3 Qd6 11.Ne5 Nxe5 12.fxe5 Qe6 13.O-O Nb4 14.Ne2 Nxd3 15.Qxd3 Rf8 16.Bd2 Rf5
17.Rxf5 Qxf5 18.Qc3 c5 19.Rf1 Qe4 20.Be3 Bd7 21.Ng3 Qh4 22.Kh2 cxd4 23.Bxd4 Rc8
24.Qd3 Rc6 25.c3 Bh6 26.Qf3 Be6 27.Be3 Bg7 28.Bf4 Rc4 29.Qe3 d4 30.Qe4 g5
31.Qg6+ Kd7 32.Bxg5  1-0

[Event "TCh-ISL 2012-13"]
[Site "Reykjavik ISL"]
[Date "2013.03.01"]
[Round "5.6"]
[White "Arnason,J"]
[Black "Thorsteins,K"]
[Result "1-0"]
[WhiteElo "2498"]
[BlackElo "2466"]

1.e4 g6 2.d4 Bg7 3.Nc3 c6 4.Nf3 d5 5.h3 Nh6 6.Bf4 f6 7.Qe2 O-O 8.O-O-O Nf7
9.g4 e6 10.Kb1 b5 11.Qe1 Nd7 12.h4 Nb6 13.exd5 exd5 14.g5 Bg4 15.Rd3 Re8
16.Qc1 Qd7 17.gxf6 Bxf6 18.Ng5 Nd6 19.Bh3 Bxh3 20.Rdxh3 b4 21.Nd1 Nf5 22.h5 Nxd4
23.Nxh7 Kxh7 24.hxg6+ Kg8 25.Bg5 Ne2 26.Bxf6  1-0

[Event "TCh-SVK Extraliga 2012-13"]
[Site "Slovakia SVK"]
[Date "2013.03.01"]
[Round "9.1"]
[White "Druska,J"]
[Black "Straka,Joz1"]
[Result "1-0"]
[WhiteElo "2310"]
[BlackElo "2005"]

1.e4 g6 2.d4 Bg7 3.Nc3 c6 4.Nf3 d5 5.Bf4 Bg4 6.h3 Bxf3 7.Qxf3 dxe4 8.Nxe4 Nf6
9.Nxf6+ Bxf6 10.O-O-O Nd7 11.Bc4 Nb6 12.Bb3 Nd5 13.Be5 O-O 14.Bxd5 Qxd5 15.Qxd5 cxd5
16.Bxf6 exf6 17.Rhe1 Rfe8 18.Rxe8+ Rxe8 19.Kd2 Kf8 20.Re1 Re6 21.Re3 Ke8
22.a4 Kd7 23.Rb3 b6 24.a5 Kc6 25.axb6 axb6 26.Ra3 Kb7 27.f3 f5 28.Re3 f4
29.Rxe6 fxe6 30.Kc3 g5 31.Kb4 Kc6 32.Ka4 h6 33.Kb4 Kb7 34.Kb5 Kc7 35.Ka6 Kc6
36.b4 Kc7 37.b5 h5 38.c3  1-0

[Event "TCh-SVK Extraliga 2012-13"]
[Site "Slovakia SVK"]
[Date "2013.03.02"]
[Round "10.3"]
[White "Macko,M"]
[Black "Petran,Pe"]
[Result "0-1"]
[WhiteElo "2123"]
[BlackElo "2277"]

1.e4 g6 2.d4 Bg7 3.Nc3 c6 4.Nf3 d5 5.exd5 cxd5 6.Bb5+ Kf8 7.O-O Bg4 8.h3 Bxf3
9.Qxf3 e6 10.Ne2 a6 11.Ba4 b5 12.Bb3 Nc6 13.c3 Rc8 14.Nf4 Qf6 15.Qg3 Nge7
16.Nd3 Nf5 17.Qh2 Qd8 18.Nc5 a5 19.Bf4 Kg8 20.a3 g5 21.Be3 Bf8 22.g4 Bd6
23.Qh1 Nxe3 24.fxe3 Bxc5 25.dxc5 Ne5 26.Qh2 Nd3 27.Rad1 Nxc5 28.Qe5 Nd7 29.Qd4 Qb6
30.e4 Qxd4+ 31.Rxd4 Nc5 32.Bc2 dxe4 33.Bxe4 Kg7 34.Bd3 Nxd3 35.Rxd3 Rhd8
36.Rdf3 Rc7 37.R1f2 h6 38.Re2 Rd5 39.Rfe3 Rcd7 40.Kf2 Kf6 41.Rf3+ Ke7 42.Rfe3 Rd2
43.Re5 R7d5 44.Re3 Kd6 45.Rf3 f5 46.Re3 Rxe2+ 47.Rxe2 f4  0-1

[Event "TCh-SVK Extraliga 2012-13"]
[Site "Slovakia SVK"]
[Date "2013.03.02"]
[Round "10.3"]
[White "Zetocha,C"]
[Black "Betko,L"]
[Result "1/2-1/2"]
[WhiteElo "2360"]
[BlackElo "2237"]

1.e4 c6 2.Nc3 g6 3.d4 Bg7 4.Nf3 d6 5.Be2 Nf6 6.O-O O-O 7.a4 Nbd7 8.a5 a6
9.h3 e5 10.dxe5 dxe5 11.Be3 Qe7 12.Nd2 Nc5 13.Re1 Rd8 14.Qc1 Be6 15.b4 Ncd7
16.Qb2 Ne8 17.Na4 Nd6 18.Bd3 f5 19.f3 Kh8 20.Rad1 Qf7 21.Nb6 Nxb6 22.Bxb6 Rd7
23.Qc3 Nb5 24.Qa1 Re8 25.Nf1 f4 26.Bxb5 cxb5 27.Rxd7 Bxd7 28.Rd1 Bc6 29.Nd2 Bf8
30.c3 Re7 31.Qb1 Rd7 32.Nb3 Kg7 33.Nc5 Bxc5+ 34.Bxc5 Rxd1+ 35.Qxd1 Qd7  1/2-1/2

[Event "TCh-SVK Extraliga 2012-13"]
[Site "Slovakia SVK"]
[Date "2013.03.02"]
[Round "10.5"]
[White "Petenyi,T"]
[Black "Zambor,N"]
[Result "1-0"]
[WhiteElo "2457"]
[BlackElo "2332"]

1.e4 c6 2.Nc3 g6 3.d4 Bg7 4.f4 d5 5.e5 Nh6 6.Nf3 f6 7.Be3 Nf7 8.Bd3 Na6 9.Bxa6 bxa6
10.O-O O-O 11.Na4 Qc7 12.Nc5 Nd8 13.Qd3 Qb6 14.b3 a5 15.c4 Nb7 16.cxd5 cxd5
17.Na4 Qd8 18.Rac1 a6 19.Qc3 Bd7 20.Qc7 Rb8 21.Qxd8 Nxd8 22.Rc7 Bxa4 23.bxa4 Rb4
24.Rxe7 fxe5 25.dxe5 Rxa4 26.Rc1 Rc4 27.Rxc4 dxc4 28.Rc7 Ne6 29.Rxc4 Bh6
30.g3 g5 31.Nxg5 Bxg5 32.fxg5 Rb8 33.Rc6 Kf7 34.Rxa6 Rb5 35.Bf4 Rb2 36.Rxa5 Kg6
37.Ra6 Kf5 38.g4+ Kxf4 39.Rxe6 Rxa2 40.g6 hxg6 41.Rxg6 Kxe5 42.h4 Kf4 43.h5 Kg3
44.Kf1 Kf3 45.Ke1 Ke3 46.Kd1 Rh2 47.h6  1-0

[Event "Zagreb Open A 2013"]
[Site "Zagreb CRO"]
[Date "2013.03.02"]
[Round "7.17"]
[White "Armanda,I"]
[Black "Stefan,K"]
[Result "1-0"]
[WhiteElo "2380"]
[BlackElo "2150"]

1.e4 c6 2.Nc3 g6 3.d4 Bg7 4.Nf3 d5 5.h3 dxe4 6.Nxe4 Na6 7.Bxa6 Qa5+ 8.c3 Qxa6
9.Nc5 Qc4 10.Nd2 Qd5 11.O-O b6 12.Nce4 Bb7 13.Re1 h6 14.Qb3 O-O-O 15.Nf3 Qxb3
16.axb3 a6 17.Ned2 g5 18.Nc4 Kc7 19.Nce5 Rf8 20.h4 gxh4 21.Bf4 Kc8 22.Nxh4 Bxe5
23.Rxe5 e6 24.Re2 Kd7 25.Nf3 f6 26.Rae1 Re8 27.Nd2 Bc8 28.Nc4  1-0

[Event "29th ChessOrg Open"]
[Site "Bad Woerishofen GER"]
[Date "2013.03.07"]
[Round "7.9"]
[White "Fiderer,L"]
[Black "Skembris,S"]
[Result "0-1"]
[WhiteElo "2259"]
[BlackElo "2448"]

1.e4 c6 2.d4 g6 3.Nc3 Bg7 4.Nf3 d5 5.h3 dxe4 6.Nxe4 Nf6 7.Nxf6+ Bxf6 8.Bc4 c5
9.Bh6 cxd4 10.Bb5+ Bd7 11.Nxd4 Bxb5 12.Nxb5 Qa5+ 13.Nc3 Bxc3+ 14.bxc3 Qxc3+
15.Bd2 Qc4 16.Qe2 Qxe2+ 17.Kxe2 Nc6 18.Bc3 f6 19.Rab1 O-O-O 20.Rb5 Nd4+ 21.Bxd4 Rxd4
22.Rhb1 b6 23.c3 Ra4 24.R1b2 Rd8 25.R5b4 Ra5 26.Re4 Rd7 27.f4 Kd8 28.c4 Ke8
29.g3 Kf7 30.Re3 Rc7 31.Rc3 g5 32.fxg5 Rxg5 33.a3 b5  0-1

[Event "45th Belgrade WGM"]
[Site "Belgrade SRB"]
[Date "2013.03.08"]
[Round "7"]
[White "Vega Gutierrez,S"]
[Black "Voiska,M"]
[Result "1-0"]
[WhiteElo "2364"]
[BlackElo "2289"]

1.e4 g6 2.d4 Bg7 3.Nc3 c6 4.Bc4 d6 5.Qf3 e6 6.Nge2 d5 7.Bb3 Nd7 8.h4 h6 9.Bf4 Ne7
10.O-O-O a5 11.Ng3 Qb6 12.Bd6 a4 13.Nxa4 Qd8 14.Nc3 O-O 15.exd5 cxd5 16.h5 g5
17.Rhe1 Re8 18.Nb5 Nf6 19.Be5 Nc6 20.Bxf6 Bxf6 21.Nc7 Nxd4 22.Rxd4 Bxd4 23.Nxa8 Bd7
24.Rd1 Bg7 25.Nf5 Bf8 26.Bxd5 Qxa8 27.Bxb7 Qxa2 28.Rxd7 Qa1+ 29.Kd2 exf5
30.Qxf5 Qe1+ 31.Kd3 Qe2+ 32.Kc3 Qe1+ 33.Kc4 Qb4+ 34.Kd3 Re7 35.Rxe7 Bxe7
36.Be4 Qxb2 37.Qh7+ Kf8 38.Qxh6+ Ke8 39.Qc6+ Kf8 40.h6 Qa3+ 41.Ke2 Qd6 42.Qxd6 Bxd6
43.Kd3 Ke7 44.Kd4 Ke6 45.Bd5+ Kf6 46.h7 Kg7 47.Be4  1-0

[Event "Karpos Open 2013"]
[Site "Skopje MKD"]
[Date "2013.03.09"]
[Round "1.40"]
[White "Danov,Radi"]
[Black "Grigorov,G"]
[Result "0-1"]
[WhiteElo "1993"]
[BlackElo "2516"]

1.e4 g6 2.d4 Bg7 3.Nc3 c6 4.Nf3 d6 5.Be2 Nf6 6.O-O O-O 7.h3 Nbd7 8.Bf4 Qa5
9.a3 e5 10.Be3 exd4 11.Nxd4 Re8 12.Nb3 Qc7 13.Bd3 b5 14.f4 Bb7 15.Qf3 a6
16.g4 c5 17.g5 Nh5 18.Nd2 d5 19.Nxd5 Bxd5 20.exd5 Rxe3 21.d6 Rxf3 22.dxc7 Rxf1+
23.Rxf1 Rc8 24.c4 bxc4 25.Nxc4 Rxc7 26.b3 Nf8  0-1

[Event "ch-CRO w 2013"]
[Site "Rijeka CRO"]
[Date "2013.03.10"]
[Round "3"]
[White "Deur,Z"]
[Black "Sargac,R"]
[Result "0-1"]
[WhiteElo "2134"]
[BlackElo "2163"]

1.e4 g6 2.d4 Bg7 3.Nc3 c6 4.f4 d5 5.e5 Nh6 6.Nf3 O-O 7.Be2 Na6 8.O-O Nc7
9.Kh1 f6 10.Be3 Ne6 11.g3 b6 12.Nh4 f5 13.h3 Bb7 14.Bf3 Qd7 15.Ne2 c5 16.c3 Rac8
17.Qd3 Nd8 18.Rad1 e6 19.Qd2 Qe7 20.Ng2 Nc6 21.g4 Ba6 22.Rc1 cxd4 23.cxd4 Qb4
24.Rfd1 Qxd2 25.Rxd2 Nb4 26.a3 Rxc1+ 27.Nxc1 Rc8 28.Rd1 Nc6 29.b4 Bc4 30.Ne2 Bf8
31.Rc1 a5 32.bxa5 bxa5 33.g5 Nf7 34.Rc3 a4 35.Nc1 Na7 36.Bd1 Nb5 37.Rc2 Bxa3
38.Ne1 Ra8 39.Ned3 Bxc1 40.Nxc1 a3 41.Be2 Bxe2 42.Rxe2 Nc3 43.Re1 a2 44.Nb3 Rb8
45.Na1 Rb1 46.Bd2 Nd1 47.Nc2 Nf2+ 48.Kh2 Nd3 49.Re3 Rb2 50.Rxd3 Rxc2  0-1

[Event "Karpos Open 2013"]
[Site "Skopje MKD"]
[Date "2013.03.11"]
[Round "4.31"]
[White "Hadzimanolis,A"]
[Black "Pancevski,F"]
[Result "1-0"]
[WhiteElo "2289"]
[BlackElo "2515"]

1.e4 g6 2.d4 Bg7 3.Nc3 c6 4.Nf3 d6 5.h3 Nf6 6.Be3 O-O 7.Qd2 Re8 8.Bd3 Qc7
9.O-O Nbd7 10.Bh6 e5 11.Rfe1 exd4 12.Nxd4 Bh8 13.Rad1 a6 14.Kh1 b5 15.Nf3 Bb7
16.Ng5 Rad8 17.Bf1 Qb6 18.Qf4 Ne5 19.Qh4 Qc5 20.a3 a5 21.Nxh7 Nxh7 22.Be3  1-0

[Event "Karpos Open 2013"]
[Site "Skopje MKD"]
[Date "2013.03.11"]
[Round "4.21"]
[White "Brkic,A"]
[Black "Kohlweyer,B"]
[Result "1/2-1/2"]
[WhiteElo "2584"]
[BlackElo "2458"]

1.e4 g6 2.d4 Bg7 3.Nc3 c6 4.Nf3 d5 5.Bf4 Bg4 6.h3 Bxf3 7.Qxf3 dxe4 8.Nxe4 Qxd4
9.Rd1 Qb6 10.Qe2 Na6 11.Nd6+ Kf8 12.Nc4 Qb5 13.Qd2 Nf6 14.Ne5 Qd5 15.Bc4 Qe4+
16.Kf1 Nd5 17.Bxd5 Qxd5 18.Qxd5 cxd5 19.Rxd5 Bxe5 20.Rxe5 f6 21.Ra5 Kf7 22.c3 Nb8
23.Ke2 Nc6 24.Rb5 b6 25.Rd1 Rhd8 26.Rxd8 Rxd8 27.a4 e5 28.Be3 Ke6 29.b4 Ne7
30.c4 Nc8 31.a5 Nd6 32.Rd5 Rc8 33.Rd1 Nxc4 34.Rc1 bxa5 35.bxa5 a6 36.Rb1 Rc6
37.Rb7 Nxa5 38.Rxh7 g5 39.g3 Nc4 40.Ra7 Kf5 41.Bc1 Nd6 42.Be3 Nb5 43.Ra8 Nc3+
44.Kd3 Nd1 45.Ba7 Nb2+ 46.Kd2 Nc4+ 47.Kd3 a5 48.Be3 Nxe3 49.Kxe3 Rc3+ 50.Ke2 Ra3
51.Ra6 Ra1 52.Kf3 e4+ 53.Kg2 Ra2 54.Kg1 e3 55.fxe3 a4 56.g4+ Ke5 57.Kf1 Ke4
58.Rxf6 a3 59.Ra6 Kf3 60.Kg1 Kg3 61.Kf1 Kxh3 62.e4 Kxg4 63.e5 Kf5 64.e6 Kf6
65.Kg1 g4 66.Kh1 g3 67.Kg1 Ke7 68.Ra8 Kxe6 69.Re8+ Kd5 70.Re3 Kc4 71.Rxg3 Kb4
72.Rg4+ Kb3 73.Rg3+ Kb2 74.Rg2+ Kb1 75.Rg3 Ra1 76.Kh2 Kc2 77.Rg2+ Kd3 78.Rg3+ Ke4
79.Rb3 Ra2+ 80.Kg1 Kd4 81.Rf3 Ke4 82.Rb3 Ra1+ 83.Kg2 Kd4 84.Rf3 Kc4 85.Rf4+  1/2-1/2

[Event "UTD Turner GM Invitational 2013"]
[Site "Richardson USA"]
[Date "2013.03.13"]
[Round "9"]
[White "Chiang,J"]
[Black "Aleskerov,F"]
[Result "0-1"]
[WhiteElo "2065"]
[BlackElo "2409"]

1.e4 g6 2.d4 Bg7 3.Nc3 c6 4.Be3 d5 5.Qd2 dxe4 6.Nxe4 Nd7 7.Bd3 Ngf6 8.Nxf6+ Nxf6
9.f3 Nd5 10.Bf2 e5 11.Ne2 exd4 12.Nxd4 Qe7+ 13.Be2 O-O 14.O-O Rd8 15.Rae1 Qf6
16.c3 Nf4 17.Qe3 Bh3 18.g3 Nxe2+ 19.Qxe2 c5 20.Nb3 b6 21.Nd2 Qd6 22.Ne4 Qd3
23.a4 Qxe2 24.Rxe2 Bxf1 25.Kxf1 Rd1+ 26.Kg2 Ra1 27.b3 Rb1 28.Nd6 Rxb3 29.Re7 Bf8  0-1

[Event "13th European Seniors"]
[Site "Plovdiv BUL"]
[Date "2013.03.14"]
[Round "4"]
[White "Vujacic,Bo"]
[Black "Okhotnik,V"]
[Result "1/2-1/2"]
[WhiteElo "2293"]
[BlackElo "2411"]

1.e4 g6 2.d4 Bg7 3.Nc3 c6 4.Nf3 d6 5.a4 Nf6 6.h3 O-O 7.Be3 Nbd7 8.Be2 e5
9.dxe5 Nxe5 10.Nxe5 dxe5 11.Qxd8 Rxd8 12.Bc4 Re8 13.Ke2 a5 14.Rad1 Nd7 15.Nb1 Bf8
16.Nd2 Nc5 17.Ra1 Kg7 18.f3 h5 19.Rhd1 Be7 20.Nb3 Ne6 21.Bb6 Bd8 22.Bxd8 Nxd8
23.Rd6 Be6 24.Bxe6 Nxe6 25.h4 Red8 26.Rad1 Rxd6 27.Rxd6 Kf8 28.c3 Ke7 29.Rd1 f6
30.g3 b6 31.Ke3 f5 32.f4 exf4+ 33.gxf4 fxe4 34.Nd4 Nxd4 35.Rxd4 c5 36.Rd5 Kf6  1/2-1/2

[Event "13th European Seniors"]
[Site "Plovdiv BUL"]
[Date "2013.03.14"]
[Round "4"]
[White "Peretz,M"]
[Black "Hjertenes,O"]
[Result "1/2-1/2"]
[WhiteElo "2277"]
[BlackElo "2087"]

1.e4 g6 2.d4 Bg7 3.Nc3 c6 4.Nf3 d5 5.h3 dxe4 6.Nxe4 Nf6 7.Bd3 O-O 8.O-O Nbd7
9.c3 Nxe4 10.Bxe4 e5 11.Bc2 exd4 12.Nxd4 Nc5 13.Be3 Ne6 14.Nb3 b6 15.f4 f5
16.Qe2 Qc7 17.Rad1 Bd7 18.Nd2 Rad8 19.Bb3 Kh8 20.g3 Bc8 21.Nf3 c5 22.Kh2 Qc6
23.Bc1 Rfe8 24.Ne5 Qc7 25.Rxd8 Rxd8 26.Bxe6 Bxe6 27.Nxg6+ hxg6 28.Qxe6 Rd6
29.Qe2 Qc6 30.Re1 Kh7 31.Qg2 Qd7 32.Qe2 Qc6 33.a3 b5 34.Qg2 a5 35.Qxc6 Rxc6
36.Re7 Kg8 37.Be3 b4 38.axb4 axb4 39.cxb4 cxb4 40.Rb7 Re6 41.Bc5 Bxb2 42.Rxb4 Bf6
43.Kg2 Re2+ 44.Kf3 Rh2 45.h4 Rb2 46.Rc4 Rb3+ 47.Kg2 Rc3  1/2-1/2

[Event "Karpos Open 2013"]
[Site "Skopje MKD"]
[Date "2013.03.14"]
[Round "7.26"]
[White "Kanmazalp,O"]
[Black "Grigorov,G"]
[Result "0-1"]
[WhiteElo "2372"]
[BlackElo "2516"]

1.e4 g6 2.d4 Bg7 3.Nc3 c6 4.f4 d5 5.e5 Nh6 6.Nf3 f6 7.Bd3 Bg4 8.O-O O-O 9.h3 Bxf3
10.Rxf3 e6 11.g4 fxe5 12.dxe5 Nd7 13.Qe2 g5 14.Rf2 gxf4 15.Bxf4 Qb6 16.Qd2 Nxe5
17.Kg2 Nhf7 18.Raf1 Nxd3 19.cxd3 Rae8 20.Bg3 c5 21.Bh4 Ne5 22.Bf6 Ng6 23.Qg5 Bxf6  0-1

[Event "30th Ciocaltea Mem 2013"]
[Site "Bucharest ROU"]
[Date "2013.03.15"]
[Round "1.4"]
[White "Hajbok,R"]
[Black "Vedmediuc,S"]
[Result "1/2-1/2"]
[WhiteElo "2339"]
[BlackElo "2476"]

1.e4 g6 2.d4 Bg7 3.Nc3 c6 4.f4 d5 5.e5 Nh6 6.Nf3 O-O 7.Be3 Qb6 8.Na4 Qa5+
9.c3 Bg4 10.Be2 Nd7 11.b4 Qc7 12.O-O f6 13.h3 Bxf3 14.Bxf3 Nf5 15.Bf2 Bh6
16.g3 fxe5 17.fxe5 b5 18.Nc5 Nxc5 19.bxc5 Be3  1/2-1/2